Aventura ética: hacia una ética originaria

Bewaard in:
Bibliografische gegevens
Hoofdauteur: Holzapfel Ossa, Cristóbal (Auteur)
Formaat: Boek
Taal:Spaans
Gepubliceerd in: Santiago LOM 2002
Editie:2a. ed
Onderwerpen:
Tags: Voeg label toe
Geen labels, Wees de eerste die dit record labelt!

MARC

LEADER 00000nam a2200000 a 4500
001 UCJ1212
003 CL-VaPUC
008 061006e20020000CL |||||||||||||||||spa|d
020 |a 9561903164 
082 0 4 |a 170  |b HOL  |2 21 
100 |a Holzapfel Ossa, Cristóbal  |e author  |9 502745 
245 1 0 |a Aventura ética: hacia una ética originaria 
250 |a 2a. ed 
300 |a 223 p 
942 |c BK 
945 |d 20061006 00:00:00  |a cmena 
260 |a Santiago  |b LOM  |c 2002 
650 0 |a Ética  |9 255099 
650 0 |a Comportamiento moral  |9 334569 
650 0 |a Naturaleza humana   |9 308593 
650 0 |a Filosofía moral   |9 310115 
583 |a last modification  |c 20061006 00:00:00  |k Rodrigo Vera 
999 |c 317871  |d 317869 
952 |0 0  |1 0  |4 0  |6 170_000000000000000_HOL_2002  |7 0  |8 A  |9 394899  |a BIBEDU  |b BIBEDU  |d 2019-11-22  |i 4262379  |o 170 HOL 2002  |p 4262379  |r 2019-11-22  |w 2019-11-22  |y BK  |k PSI 
952 |0 0  |1 0  |4 0  |6 170_000000000000000_HOL_2002  |7 0  |8 A  |9 394900  |a BIBEDU  |b BIBEDU  |d 2019-11-22  |i 4304969  |o 170 HOL 2002  |p 4304969  |r 2019-11-22  |w 2019-11-22  |y BK  |k PSI